Комплексоны и комплексонаты: межвузовский тематический сборник научных трудов

Podrobná bibliografie
Korporativní autor: Калининский государственный университет
Další autoři: Горалов И. П. (редактор)
Jazyk:ruština
Vydáno: Калинин, 1988
Témata:
Médium: MixedMaterials Kniha
KOHA link:https://koha.lib.tpu.ru/cgi-bin/koha/opac-detail.pl?biblionumber=248078

MARC

LEADER 00000nam0a2200000 4500
001 248078
005 20251220071621.0
035 |a (RuTPU)RU\TPU\book\269745 
090 |a 248078 
100 |a 20140117d1988 k y0rusy50 ca 
101 0 |a rus 
102 |a RU 
105 |a a z 001zy 
200 1 |a Комплексоны и комплексонаты  |e межвузовский тематический сборник научных трудов  |f Калининский государственный университет ; под ред. И. П. Горалова 
210 |a Калинин  |d 1988 
215 |a 120 с.  |c ил. 
320 |a Библиогр. в конце ст. 
606 1 |a Комплексоны  |x Химия  |2 stltpush  |3 (RuTPU)RU\TPU\subj\75902  |9 87432 
610 1 |a комплексонаты 
610 1 |a синтез 
610 1 |a комплексообразование 
610 1 |a ЯМР 
610 1 |a водные растворы 
610 1 |a ИК-спектроскопия 
610 1 |a биологическая активность 
675 |a 547.1-386  |v 3 
702 1 |a Горалов  |b И. П.  |4 340 
712 0 2 |7 ca  |8 rus  |a Калининский государственный университет  |c 1971-1990  |2 stltpush  |3 (RuTPU)RU\TPU\col\6821  |9 24273 
801 1 |a RU  |b 63413507  |c 20140117 
801 2 |a RU  |b 63413507  |c 20170113  |g RCR 
942 |c BK